Music Quiz

Random Music or Song Quiz
Score 0/92 Timer 10:00
2 Plays Today
Answer % Correct
Robin Thicke ft. T.I. and Pharrell Williams
90%
Robin Thicke ft. T.I. and Pharrell Williams
90%
Lorde
88.7%
Lorde
88.7%
Lorde
88.7%
Lorde
88.7%
Katy Perry
88.3%
Katy Perry
88.3%
Daft Punk ft. Pharrell Williams
87.6%
Daft Punk ft. Pharrell Williams
87.6%
Robin Thicke
86.7%
Justin Timberlake ft. Jay-Z
84%
Bruno Mars
83.2%
Bruno Mars
83.2%
Bruno Mars
83.2%
Bruno Mars
83.2%
Macklemore & Ryan Lewis
81%
Macklemore & Ryan Lewis
81%
Macklemore & Ryan Lewis
81%
Macklemore & Ryan Lewis
81%
Macklemore & Ryan Lewis ft. Wanz
80.7%
Justin Timberlake
78.4%
Justin Timberlake
78.4%
Daft Punk
78.3%
Daft Punk
78.3%
Taylor Swift
78%
Taylor Swift
78%
Taylor Swift
78%
Imagine Dragons
77.1%
Imagine Dragons
77.1%
P!nk ft. Nate Ruess
66.1%
Answer % Correct
P!nk ft. Nate Ruess
66.1%
Jay Z
63.8%
Jay Z
63.8%
Kanye West
63.6%
Ed Sheeran
54.4%
Drake
51.2%
Drake
51.2%
Rihanna ft. Mikky Ekko
49.7%
Miguel ft. Kendrick Lamar
47%
Kendrick Lamar
46.8%
Kendrick Lamar
46.8%
Kendrick Lamar
46.8%
Kendrick Lamar
46.8%
Eminem
41.7%
Zedd ft. Foxes
32.8%
Calvin Harris ft. Florence Welch
32.5%
Sara Bareilles
32.4%
Sara Bareilles
32.4%
Calvin Harris
28.8%
Blake Shelton
25%
Blake Shelton
25%
Miranda Lambert
24.3%
Vampire Weekend
23.4%
Led Zeppelin
22.9%
Led Zeppelin
22.9%
Kacey Musgraves
18%
Kacey Musgraves
18%
Kacey Musgraves
18%
James Blake
17.1%
Jason Aldean
14.7%
Kings of Leon
14.5%
Answer % Correct
Black Sabbath
11.9%
Black Sabbath
11.9%
Tim McGraw
11.6%
Queens of the Stone Age
11.2%
Queens of the Stone Age
11.2%
David Bowie
9.4%
David Bowie
9.4%
Jack White
8.9%
Lana Del Rey
8.8%
Tame Impala
7.8%
Lee Brice
7.6%
Duke Dumont ft. A*M*E* & MNEK
7.6%
Disclosure
7.5%
Armin Van Buuren ft. Trevor Guthrie
7.4%
The National
6.6%
Nine Inch Nails
6.5%
Tamar Braxton
5.6%
Neil Young with Crazy Horse
5.5%
Alabama Shakes
5.4%
Kaskade
4.5%
Kaskade
4.5%
Neko Case
4.3%
Anthrax
3.7%
Pretty Lights
3.1%
Killswitch Engage
2.9%
Dream Theater
2.8%
Volbeat ft. King Diamond
2.7%
Anthony Hamilton
2.2%
Hiatus Kaiyote ft. Q-Tip
2.1%
Snarky Puppy with Lalah Hathaway
1.7%
Remove Ads.
Support Sporcle.
Get the best of Sporcle when you Go Orange. This ad-free experience offers more features, more stats, and more fun while also helping to support Sporcle. Thank you for becoming a member.

You're not logged in!

Compare scores with friends on all Sporcle quizzes.
OR
Log In

Show Comments

Extras

Top Quizzes Today


Score Distribution

Your Account Isn't Verified!

In order to create a playlist on Sporcle, you need to verify the email address you used during registration. Go to your Sporcle Settings to finish the process.

Report this User

Report this user for behavior that violates our Community Guidelines.

Details: